000 00360 a2200109 4500
001 ART_8946
005 20260410161642.0
008 260409a
245 1 0 _aLeasing. Su tratamiento impositivo para dadores y tomadores. Casos Prácticos
100 1 _aMoreno, Carolina
773 0 _tConsultor tributario
_g- Año 5, Nº 55 (sep. 2011)
_wREV474
999 _c13403
_d13403